| 000 | 00509nam a2200145Ia 4500 | ||
|---|---|---|---|
| 008 | 170221s9999 xx 000 0 und d | ||
| 100 | _aHassan Alaaraj | ||
| 245 | _aDoes Good Governance Mediate Relationship Between E-Government and Public Trust in Lebanon? | ||
| 245 | _cHassan Alaaraj, Sallahudin Hassan | ||
| 260 | _bInternational Review of Management and Marketing | ||
| 260 | _c2016 | ||
| 300 | _a15 : 8 | ||
| 650 | _xMarketing. | ||
| 856 | _uhttp://www.econjournals.com/index.php/irmm/issue/view/82 | ||
| 999 |
_c311999 _d311999 |
||